How chemical reactions occur: an introduction to chemical kinetics and reaction mechanisms
محفوظ في:
| المؤلف الرئيسي: | |
|---|---|
| التنسيق: | كتاب |
| اللغة: | الإنجليزية |
| منشور في: |
Nueva York
W. A. Benjamin
1964
|
| سلاسل: | <The >General Chemistry Monograph Series
|
| الموضوعات: | |
| الوسوم: |
إضافة وسم
لا توجد وسوم, كن أول من يضع وسما على هذه التسجيلة!
|
MARC
| LEADER | 00000nam a2200000 a 4500 | ||
|---|---|---|---|
| 001 | UCT5625 | ||
| 003 | CL-VaPUC | ||
| 008 | 961216e19640000US |||||||||||||||||eng|d | ||
| 082 | 0 | 4 | |a 541.394 |b KIN |2 21 |
| 100 | |a King, Edward L |e author |9 375219 | ||
| 245 | 1 | 0 | |a How chemical reactions occur: an introduction to chemical kinetics and reaction mechanisms |
| 300 | |a 148 p | ||
| 942 | |c BK | ||
| 945 | |d 19961216 00:00:00 |a nastorga | ||
| 260 | |a Nueva York |b W. A. Benjamin |c 1964 | ||
| 650 | 0 | |a Reacciones químicas |9 259438 | |
| 650 | 0 | |a Cinética química |9 344779 | |
| 650 | 0 | |a Química |9 259896 | |
| 583 | |a last modification |c 20180403 11:16:21 |k Rodrigo Vera | ||
| 490 | 0 | |a <The >General Chemistry Monograph Series | |
| 999 | |c 254515 |d 254513 | ||
| 952 | |0 0 |1 0 |4 0 |6 541_394000000000000_KIN_1964 |7 0 |8 A |9 276227 |a BIBCUR |b BIBCUR |d 2019-11-19 |i 3260860 |o 541.394 KIN 1964 |p 3260860 |r 2025-04-22 |w 2019-11-19 |y BK |k BCB | ||